Представление документа в формате RUSMARC

ПолеНазваниеЗначение
  Тип записи a
  Библиографический уровень m
001 Контрольный номер RU/УОНБ/EK/521724997
005 Дата корректировки 20250520121946.0
010 Индекс ISBN __
a ISBN 978-5-235-03827-1
d Цена 380 р. 16 к.
9 Тираж 7000 экз.
b Уточнения в пер.
100 Данные общей обработки __
a Данные общей обработки 20151026d2015 km y0rusy0189 ca
101 Язык документа 0_
a Язык текста rus
102 Страна публикации __
a Страна публикации RU
105 Кодированные данные (монография) __
a Кодированные данные (монография) a z 001yb
200 Заглавие и сведения об ответственности 1_
a Заглавие Шукшин
f Первые сведения об ответственности А.Н. Варламов
210 Выходные данные 1_
a Место издания Москва
c Издательство Мол. гвардия
d Дата издания 2015
215 Физическое описание __
a Объем 399 с.
c Иллюстрации/тип воспроизводства ил., 16 л. фот.
d Формат 21 см
225 Серия 1_
a Серия Жизнь замечательных людей
v Обозначение тома вып. 1733(1533)
e Сведения, относящиеся к заглавию серии сер. биогр.
f Сведения об ответственности осн. в 1890 г. Ф. Павленковым и продолж. в 1933 г. М. Горьким
300 Общие примечания __
a Общие примечания 16+
320 Библиография __
a Библиография Библиогр.: с. 396-397
333 Примечание о целевом назначении __
a Примечание о целевом назначении 16+
600 Персоналии _1
3 Контрольный № нормативной записи RU\NLR\AUTH\661341098
a Персоналии (Фамилия) Шукшин, Василий Макарович
f Даты 1929 - 1974
2 Код системы nlr_sh
606 Тематические рубрики 0_
a Основная рубрика Русская литература
z Хронологическая подрубрика 20 в.
610 Ключевые слова 0_
a Ключевые слова Шукшин В.М.
610 Ключевые слова 0_
a Ключевые слова литература русская 20 в.
686 Индексы других классификаций __
a Классификационный индекс 83.3(2=Рус)6-8
2 Код системы rubbk
700 Автор _1
3 Контрольный № нормативной записи RU\NLR\AUTH\77100539
a Фамилия Варламов
b Имя (инициалы) А.Н.
g Полное личное имя Алексей Николаевич
c Титул (звания) д-р филол. наук, писатель
f Даты 1963-
702 Вторичная интеллектуальная ответственность _1
3 Контрольный № нормативной записи RU\NLR\AUTH\772678
a Фамилия Шукшин
b Имя (инициалы) В. М.
g Полное личное имя Василий Макарович
f Даты 1929-1974
4 Код отношения 570
801 Источник записи _0
a Страна RU
b Организация РГБ
c Дата составления 20150928
g Правила каталогизации RCR
801 Источник записи _1
a Страна RU
b Организация РГБ
c Дата составления 20150928
2 Код формата rusmarc
801 Источник записи _2
a Страна RU
b Организация Ульяновская ОНБ
c Дата составления 20160713
2 Код формата rusmarc
901 Тип документа __
t Тип документа m
909 Создатель записи __
a Создатель записи Мейснер
b Дата создания записи 20160927
938 Служебная информация __
a Имя БД books
b Имя библиотеки УОНБ
c Имя АИБС МАРК-SQL
d Номер DOC_ID в БД 324931